| 000 | 004240000a22001330004500 | ||
|---|---|---|---|
| 090 |
_aAR _b04762 |
||
| 100 | 1 |
_aWhitham, Thomas G. _998911 |
|
| 700 | 1 |
_aMorrow, Patrice A. _998913 |
|
| 700 | 1 |
_aPotts, Bradley M. _998914 |
|
| 245 | 1 | 0 |
_aPlant hybrid zones as centers of bibodiversity _sthe herbivore community of two endemic tasmanian eucalypts |
| 041 | 0 | _aInglés | |
| 942 | _cARTICULO | ||
| 773 | 1 |
_tOecologia _q481-490 _d1994 _g97 |
|
| 999 |
_c13862 _d13862 |
||